000 00806nam a2200241 u 4500
005 20220916063538.0
008 150903s2007 r 000 0 eng d
020 _a9780545033114 (13 dígitos)
020 _a054503311X (10 dígitos)
035 _aUPN01000205605
049 _aI
050 4 _aPZ10.3
_bG4.7
100 1 _aGeist, Ken
_938064
245 1 4 _aLos tres pececitos y el tiburón feroz /
_cKen Geist ; il. por Julia Carton.
260 _aNew York, USA :
_bScholastic,
_c2007.
300 _a[30] p. :
_bil. col.
534 _pTitulo original:
_tThe three little fish and the big bad shark
650 0 _aAnimales
_vCuentos y leyendas
_9234
650 4 _aPECES -
_vLITERATURA INFANTIL
_923472
650 7 _aLiteratura infantil estadounidense
_2
_99173
905 _aInfantil
999 _c177706
_d177706